Statistics for World Cities Closest to Algiers

Click here to take the quiz!

General Stats

  • This quiz has been taken 65 times
  • The average score is 14 of 20

Answer Stats

kmcitymiles% Correct
638Tunis396
95%
949Rabat590
92%
993Rome617
92%
1030Casablanca640
87%
714Madrid444
87%
1017Tripoli632
87%
521Barcelona324
85%
1094Lisbon680
80%
1075Naples668
78%
805Seville500
72%
427Valencia265
72%
1097Milan692
68%
755Marseille469
67%
790Fes491
62%
1005Turin624
60%
1165Marrakesh724
57%
1015Lyon631
55%
350Oran218
53%
1122Porto697
45%
667Málaga415
40%

Score Distribution

Percentile by Number Answered

Percent of People with Each Score

Your Score History

You have not taken this quiz